000 00773cam a22002297a 4500
001 3911
005 20251117101240.0
020 _a9780439351874
040 _aDLC
_cDLC
_dDLC
_beng
082 _a393
100 1 _aGoldfish, Meish.
245 1 0 _aUnder wraps /
_cwritten by Meish Goldfish
260 _aNew York :
_bScholastic,
_c2002
300 _a16 pages :
_bcolor illustrations ;
_c20 cm.
505 _aR
520 _aMost of the royal tombs were hidden for many, many years. Stories about the riches of the tombs were told, but most these treasures were safely hidden from robbers.
521 _a740
_bLexile
521 _aR
_bRaz-Plus
650 _amummies
_vNon-Fiction
906 _a7
_bcbc
_corignew
_d4
_encip
_f20
_gy-gencatlg
942 _2ddc
_cBK
_n0
999 _c3911
_d3911